Akcie Marie Curie - aktuálne výzvy pre špecifický program ľudia
Dňa 14. marca 2013 vyhlásila Európska komisia ďalšie tri výzvy v rámci špecifického programu ľudia - Marie Curie. Výzvy sú otvorené pre tri rôzne mobilitné programy - (Intra European Fellowship), (International Incomming Fellowship), (International Outgoing Fellowship).
Guardado en:
| Autor principal: | |
|---|---|
| Formato: | Capítulo de libro |
| Lenguaje: | eslovaco |
| Materias: | |
| Etiquetas: |
Sin Etiquetas, Sea el primero en etiquetar este registro!
|
MARC
| LEADER | 00000nla a2200000 4500 | ||
|---|---|---|---|
| 001 | 0176589 | ||
| 005 | 20240502073018.2 | ||
| 041 | 0 | |a slo | |
| 044 | |a SK | ||
| 245 | 1 | 0 | |a Akcie Marie Curie - aktuálne výzvy pre špecifický program ľudia |c Peter Kopkáš |
| 520 | |a Dňa 14. marca 2013 vyhlásila Európska komisia ďalšie tri výzvy v rámci špecifického programu ľudia - Marie Curie. Výzvy sú otvorené pre tri rôzne mobilitné programy - (Intra European Fellowship), (International Incomming Fellowship), (International Outgoing Fellowship). | ||
| 610 | 2 | 0 | |a veda |
| 610 | 2 | 0 | |a výskum |
| 610 | 2 | 0 | |a vývoj |
| 610 | 2 | 0 | |a programy výskumné |
| 610 | 2 | 0 | |a financovanie vývoja |
| 610 | 2 | 0 | |a pracovníci výskumní |
| 610 | 2 | 0 | |a spolupráca vedeckovýskumná |
| 610 | 2 | 0 | |a Európska únia |
| 100 | 1 | |a Kopkáš, Peter | |